MARC details
| 000 -LEADER |
| campo de control de longitud fija |
02036nam a2200397 i 4500 |
| 001 - NÚMERO DE CONTROL |
| campo de control |
194323 |
| 003 - IDENTIFICADOR DE NÚMERO DE CONTROL |
| campo de control |
SpMaBN |
| 005 - FECHA Y HORA DE LA ÚLTIMA TRANSACCIÓN |
| campo de control |
20250828062539.0 |
| 007 - CAMPO FIJO DE DESCRIPCIÓN FÍSICA--INFORMACIÓN GENERAL |
| campo de control de longitud fija |
ta |
| 008 - DATOS DE LONGITUD FIJA--INFORMACIÓN GENERAL |
| campo de control de longitud fija |
240424s2024 sp | ||| ||spa |
| 016 7# - NÚMERO DE CONTROL DE UNA AGENCIA BIBLIOGRÁFICA NACIONAL |
| Número de control del registro |
bimoBNE20061080065 |
| Fuente |
SpMaBN |
| 017 ## - NÚMERO DE COPYRIGHT O DE DEPÓSITO LEGAL |
| Número de copyright o de depósito legal |
M 5779-2024 |
| Agencia que asigna |
Oficina Depósito Legal Madrid |
| 020 ## - NÚMERO INTERNACIONAL ESTÁNDAR DEL LIBRO |
| Número Internacional Estándar del Libro |
9788413391847 |
| 035 ## - NÚMERO DE CONTROL DEL SISTEMA |
| Número de control de sistema |
(OCoLC)71821140 |
| 035 ## - NÚMERO DE CONTROL DEL SISTEMA |
| Número de control de sistema |
Mimo0002143927 |
| 040 ## - FUENTE DE CATALOGACIÓN |
| Centro catalogador/agencia de origen |
SpMaBN |
| Lengua de catalogación |
spa |
| Centro/agencia transcriptor |
SpMaBN |
| Normas de descripción |
rdc |
| Centro/agencia modificador |
Es-MaACL |
| 100 ## - ENTRADA PRINCIPAL--NOMBRE DE PERSONA |
| Nombre de persona |
Delibes Liniers, Alicia |
| Número de control del registro de autoridad o número normalizado |
XX1776833 |
| 9 (RLIN) |
235856 |
| 245 13 - MENCIÓN DEL TÍTULO |
| Título |
El suicidio de Occidente : |
| Resto del título |
la renuncia a la transmisión del saber / |
| Mención de responsabilidad, etc. |
Alicia Delibes Liniers. |
| 260 ## - PUBLICACIÓN, DISTRIBUCIÓN, ETC. |
| Lugar de publicación, distribución, etc. |
Madrid : |
| Nombre del editor, distribuidor, etc. |
Ediciones Encuentro, |
| Fecha de publicación, distribución, etc. |
2024. |
| 300 ## - DESCRIPCIÓN FÍSICA |
| Extensión |
359 p. ; |
| Dimensiones |
23 cm. |
| 336 ## - TIPO DE CONTENIDO |
| Fuente |
rdacontent |
| Término de tipo de contenido |
texto |
| 337 ## - TIPO DE MEDIO |
| Fuente |
rdamedia |
| Nombre/término del tipo de medio |
sin mediación |
| 338 ## - TIPO DE SOPORTE |
| Fuente |
rdacarrier |
| Nombre/término del tipo de soporte |
volumen |
| 490 1# - MENCIÓN DE SERIE |
| Mención de serie |
Colección Nuevo Ensayo ; |
| Designación de volumen o secuencia |
143 |
| 504 ## - NOTA DE BIBLIOGRAFÍA, ETC. |
| Nota de bibliografía, etc. |
Bibliografía: p. [165]-167 |
| 520 ## - RESUMEN, ETC. |
| Sumario, etc. |
Desde hace unos años, está cada vez más a la vista que nuestros niños salen de las escuelas con graves deficiencias en comprensión lectora, muchos razonan sin discernimiento y pasan de curso sin haber aprobado. Se les nota aburridos y sin rumbo, buscando sentido en un sistema que dice que la educación de las emociones lo es todo. ¿Qué ha pasado para que los sistemas educativos de los países occidentales, y España con ellos, estén inmersos en el creciente desprecio a la transmisión de los conocimientos en las aulas de sus escuelas e institutos? |
| 650 #7 - PUNTO DE ACCESO ADICIONAL DE MATERIA--TÉRMINO DE MATERIA |
| Término de materia o nombre geográfico como elemento de entrada |
Educación |
| Fuente del encabezamiento o término |
embne |
| 9 (RLIN) |
12073 |
| 830 ## - PUNTO DE ACCESO ADICIONAL DE SERIE-TÍTULO UNIFORME |
| Título uniforme |
Colección Nuevo Ensayo ; |
| 9 (RLIN) |
235996 |
| Designación de volumen o secuencia |
143 |
| 852 ## - LOCALIZACIÓN |
| Ubicación |
ES-MaACL |
| Ubicación en estantería |
Depósito J |
| Número de control de estantería |
N-9872 |
| Donativo/Legado |
Donación: Alicia Delibes |
| Sublocalización o colección |
R.155094 |
| itemnumber |
201925 |
| Encuadernación |
Encuadernación rústica con solapas |
| 903 ## - NOMBRE PERSONAL DE DONANTE |
| 9 |
235856 |
| a |
Delibes Liniers, Alicia |
| e |
Donante |
| 942 ## - ELEMENTOS DE ENTRADA SECUNDARIOS (KOHA) |
| Suprimir en OPAC |
No |
| Tipo de ítem Koha |
Libro impreso |